|
|
|
|
| LEADER |
00000ny a22000003n 4500 |
| 005 |
20110516144350.0 |
| 008 |
071017c19uu9999sp mr pss 0 a0spa d |
| 022 |
|
|
|a 1130-8001
|
| 022 |
|
|
|a 1988-3129
|
| 035 |
|
|
|a 5225
|
| 040 |
|
|
|a BUS
|d vLex
|
| 090 |
|
|
|c 1987
|d 1987
|
| 245 |
0 |
0 |
|a Polt̕ica y sociedad
|h [Recurso electrn̤ico]
|b revista de la Universidad Complutense
|
| 246 |
3 |
|
|a Polt̕ica y sociedad
|
| 256 |
|
|
|a Servicio en ln̕ea
|
| 260 |
|
|
|a Madrid :
|b Universidad Complutense de Madrid, Facultad de Ciencias Polt̕icas y Sociologa̕
|
| 310 |
|
|
|a Trimestral
|
| 506 |
1 |
|
|a Contenido solo disponible en los productos indicados
|d vLex Global
|d vLex Global (Academic Edition, excluding Law Schools)
|d vLex Global (U.S. Academic Edition, excluding Law Schools)
|
| 650 |
0 |
4 |
|a Derecho administrativo social
|2 Tesauro vLex
|
| 650 |
0 |
4 |
|a Asuntos sociales
|2 Tesauro vLex
|
| 740 |
|
|
|a vLex Revista (Servicios en ln̕ea)
|
| 843 |
|
|
|a Electrn̤ica. Abierta
|
| 853 |
|
|
|8 1
|i (year)
|j (month)
|k (day)
|
| 856 |
4 |
0 |
|u http://vlex.com/source/5225
|z Acceso restringido
|
| 942 |
|
|
|c REV
|